The Battle Bricks Battlers - Statistics

General Stats
  • This quiz has been taken 163 times
  • The average score is 36 of 113
Answer Stats
Type Battler Ability Unlocked in/by % Correct
Regular Battler None Joining the game
99%
Regular Sword Battler None Sword Dual
84%
Regular Trowel Battler Wall Building a Wall
84%
Regular Titan Battler Knockback Immunity TAAAAAANK!
75%
Regular Slinger Battler None Slinging Shots
74%
Regular Baller Battler Knockback Superballing
72%
Regular Bomb Battler Base Destroyer Bomb Rush
71%
Special Speed Battler None In a Hurry
71%
Special Paintball Battler None Ultimate Paintball
70%
Regular Rocket Battler None Blow it Up
69%
Special Gravity Battler Jump Gravity Falls
68%
Special Krip Abnormal Firing Run´n Gun, Bud
68%
Special Regen Battler Heal Bullet Sponge
68%
Special Hammer Battler Base Destroyer Doomspire Brickbattle
62%
Special Grenade Battler None Rocket Arena
60%
Regular Builder Battler Wall Alt Form
53%
Regular Blonde Battler None Alt Form
51%
Special-Exclusive Golden Hammer Base Destroyer Reporting a game-breaking bug or through special gamenights
51%
Special-Exclusive Friend None Completing RAIGFORCE
47%
Special Tumored Battler None ''Deathwish'' badge
47%
Regular Telamon Battler Knockback Immunity & Heal Alt Form
45%
Special Dual Speed Battler Knockback Alt Form
42%
Special Mafia Krip Abnormal Firing Alt Form
42%
Special Sailor Battler Cash Galleons
42%
Special Dual Regen Battler Heal Alt Form
41%
Special-Exclusive Papaler None Playing pre-alpha
40%
Regular Stunner Battler Stun Alt Form
40%
Special Banhammer Battler Shockwave Alt Form
39%
Special Bugle Battler Speed Giving Disco Party
39%
Special Dual Gravity Battler Jump Alt Form
39%
Special Birthday Battler Heal Happy Birthday!
38%
Regular Crocket Battler None Alt Form
38%
Regular Kamikaze Battler Base Destroyer Alt Form
38%
Regular Soccer Battler Knockback Alt Form
38%
Exclusive Raig One Shot Being specially chosen
37%
Special Sniper Battler None Alt Form
37%
Regular Brigand Battler None Alt Form
36%
Rare Ninja Battler None Cards
35%
Special Tumored Trowel Wall "Hot as Hell" badge
35%
Uber Chairman Health Trigger Cards
34%
Rare Cola Battler Slow Cards
34%
Rare Healer Battler Heal Cards
34%
Uber Mu Hellfire Cards
34%
Rare Medic Battler Heal Alt Form
33%
Special Omega Friend PURE HAPPINESS Alt Form
33%
Uber Wes Fear Cards
32%
Special Arson Battler Burn Alt Form
31%
Rare Brew Battler Weaken Cards
31%
Rare Slateskin Battler Armor Giving Cards
31%
Uber Tix Collector Cash Cards
30%
Uber Crimson Hellfire Alt Form
29%
Special-Exclusive Golden Banhammer Shockwave Alt Form
29%
Special Pirate Battler Cash Alt Form
29%
Special Sai Battler Jump On the Heights
29%
Special Tarnished Battler Knockback Immunity Alt Form
29%
Rare Goala Battler Knockback Cards
28%
Uber B Money Cash Alt Form
26%
Special Drummer Battler Speed Giving Alt Form
26%
Super Rare Expo Battler Abnormal Firing Cards
25%
Special Tarnished Trowel Spikes Alt Form
25%
Rare Flashlight Battler Blind Cards
24%
Uber Maxwell Summon Alt Form
24%
Super Rare Motorbike Battler Knockback Immunity Cards
24%
Super Rare Fireball Battler Burn Cards
23%
Super Rare Iceball Battler Cold Cards
23%
Super Rare Hyperbike Battler Knockback Immunity Alt Form
22%
Rare Archer Battler None Cards
21%
Rare Binge Brew Battler Weaken Alt Form
21%
Rare Binge Cola Battler Slow Alt Form
21%
Rare Binge Goala Battler Knockback Alt Form
21%
Rare Hobo Battler Knockback Cards
21%
Uber Intern Elf Heal Cards
21%
Special Katana Battler Jump Alt Form
21%
Uber Raigquitter Knockback Alt Form
21%
Special-Exclusive Veteran Papaler Abnormal Firing Alt Form
21%
Super Rare Vulcan Battler Abnormal Firing Alt Form
21%
Super Rare Coil Battler None Cards
20%
Super Rare Healorb Battler Heal Alt Form
20%
Super Rare Hurtorb Battler None Cards
20%
Rare Ceramic Battler Transform Alt Form
19%
Rare Lantern Battler Blind Alt Form
19%
Rare Miner Battler None Cards
19%
Uber Mall Santa Summon Alt Form
18%
Exclusive Raig Colossal One Shot Being specially chosen
18%
Uber Trebuchet Omni-Immunity Alt Form
18%
Uber Dark Reaper Phase Cards
17%
Rare Fencer Battler None Cards
17%
Super Rare Gamble Battler Abnormal Firing Cards
17%
Rare Boxer Battler Health Trigger Cards
16%
Special Celebration Battler Abnormal Firing Alt Form
16%
Uber Conjuror Abnormal Firing Cards
16%
Super Rare Frigus Battler Cold Alt Form
16%
Rare Hoarder Battler Omni-Immunity Alt Form
16%
Super Rare Officer Battler Abnormal Firing Cards
16%
Super Rare Prankster Battler Stun Cards
16%
Rare Crossbow Battler None Alt Form
15%
Super Rare Ignis Battler Burn Alt Form
15%
Super Rare Luckroll Battler Abnormal Firing Alt Form
15%
Super Rare Megaphone Battler Stun Cards
15%
Super Rare Rail Battler None Alt Form
15%
Uber Lord Skelly Summon Alt Form
14%
Rare Assasin Battler None Alt Form
13%
Regular (Removed) Capper Battler None Alt Form
13%
Rare Scherma Battler None Alt Form
13%
Super Rare Tomfoolery Battler Stun Alt Form
13%
Super Rare Sheriff Battler Abnormal Firing Alt Form
12%
Rare Shanker Battler Health Trigger Alt Form
11%
Super Rare Micspammer Battler Stun Alt Form
10%
Rare Prospector Battler None Alt Form
8%
Special Lil´ Deathbringer Base Destroyer Alt Form
0%
Special Lil´ Doombringer Shockwave ''Doom Approaches'' badge
0%
Special Lil´ Infernus Hellfire Alt Form
0%
Special Lil´ Turking Burn "Happy Thanksgiving" badge
0%
No matching quizzes found
Score Distribution
Percent of People with Each Score
Percentile by Number Answered
Your Score History
You have not taken this quiz